000 00794nam a22002417a 4500
003 UA-OsUOA
001 108015
007 ta
008 20140924b un ||||| |||| 00| 0 ukr d
090 _a01
_bЧ-39
942 _cMG
040 _aUA-OsUOA
_brus
_cUA-OsUOA
_dUA-OsUOA
245 _aЧеловек. Сообщество. Управление
_bУчредитель:Кубанский государственный университет
_cГлав. ред. Морозова Е.В.
300 _a144 с.
955 _a1
041 _arus
080 _a01
260 _aКраснодар
246 3 1 _aНаучно-информационный журнал
_n
044 _aRU
962 _a2010
650 7 _a01 Бібліографія і бібліографії. Каталоги
_2UDC
999 _c394751
_d394751